[Event "Aragon-ch Seniors"]
[Site "Zaragoza"]
[Date "2015.05.02"]
[Round "3"]
[White "Miranda Cuartero, Juan Carlos"]
[Black "Requeno Otin, Juan Jose"]
[Result "1/2-1/2"]
[WhiteElo "1653"]
[BlackElo "1446"]
[PlyCount "70"]
[EventDate "2015.04.18"]
[EventType "swiss"]
[EventRounds "8"]
[EventCountry "ESP"]
[SourceTitle "EXT 2017"]
[Source "ChessBase"]
[SourceDate "2016.10.25"]
[SourceVersion "1"]
[SourceVersionDate "2016.10.25"]
[SourceQuality "1"]

1. e4 e5 2. Nf3 Nf6 3. d3 d6 4. Nc3 c6 5. h3 Be7 6. Be3 0-0 7. Qd2 b5 8. a3 Bb7 9. g4 h6 10. g5 hxg5 11. Bxg5 Nh7 12. Bxe7 Qxe7 13. Rg1 f5 14. Ng5 Nxg5 15. Qxg5 Qxg5 16. Rxg5 fxe4 17. Nxe4 d5 18. Nc5 Rf7 19. Nxb7 Rxb7 20. Rxe5 Nd7 21. Re3 Rf8 22. Bg2 Nf6 23. Kf1 Rbf7 24. Rf3 Re8 25. Re1 Rfe7 26. Rxe7 Rxe7 27. Re3 Kf7 28. Rxe7+ Kxe7 29. b4 Kd6 30. d4 Ke6 31. Ke2 Nh5 32. Ke3 Kf5 33. Bf3 Nf6 34. Be2 Kg5 35. Bf3 Kf5 1/2-1/2

[Event "Aragon-ch Seniors"]
[Site "Zaragoza"]
[Date "2015.04.25"]
[Round "2"]
[White "Ferruz Martinez, Rafael"]
[Black "Miranda Cuartero, Juan Carlos"]
[Result "0-1"]
[WhiteElo "1323"]
[BlackElo "1653"]
[PlyCount "36"]
[EventDate "2015.04.18"]
[EventType "swiss"]
[EventRounds "8"]
[EventCountry "ESP"]
[SourceTitle "EXT 2017"]
[Source "ChessBase"]
[SourceDate "2016.10.25"]
[SourceVersion "1"]
[SourceVersionDate "2016.10.25"]
[SourceQuality "1"]

1. e4 e6 2. d4 d5 3. exd5 exd5 4. Nc3 Nf6 5. Be2 Bd6 6. Nf3 c6 7. Bg5 0-0 8. 0-0 Be6 9. Qd2 Nbd7 10. h3 Qc7 11. Bh4 Rae8 12. Rae1 Bf5 13. Bd3 Ne4 14. Bxe4 dxe4 15. Ne5 Nxe5 16. dxe5 Bxe5 17. Nxe4 Bxe4 18. Rxe4 Bh2+ 0-1